O Comunismo Científico e seus falsificarores (Record no. 45753)
[ view plain ]
| 000 -Etiqueta do registo | |
|---|---|
| Valores | 00425nam a2200169 4500 |
| 100 ## - Dados gerais de processamento | |
| Dados gerais | 20260227 pory50 |
| 101 ## - Língua de publicação | |
| Língua | por |
| 102 ## - País de publicação | |
| País | PT |
| 200 ## - Titulo e menção de responsabilidade | |
| Título próprio | O Comunismo Científico e seus falsificarores |
| Primeira menção de responsabilidade | P. N. Fedoseyev |
| 210 ## - Publicação | |
| Local de publicação | Veda Nova, Amadora |
| Nome do editor | Manuel Rodrigues Xavier |
| Data de publicação | [imp. 1974] |
| 215 ## - Descrição física | |
| Paginação / Volumes | 150 p. |
| 225 ## - Colecção | |
| Título próprio da colecção | 74 |
| Indicação de volume | 11 |
| 675 ## - CDU | |
| Notação | 321.7 |
| 801 ## - Fonte de origem | |
| País | PT |
| Regras de catalogação | RPC |
| 990 ## - Elementos KOHA | |
| Tipo de documento | Livro |
| Aquisição | Empréstimo | Código de barras | Cota | Permissão de empréstimo | Tipo de documento |
|---|---|---|---|---|---|
| Biblioteca Municipal de Redondo | Biblioteca Municipal de Redondo | 056983 | 321.7 FED | Livro |